| 000 | 00846nam a2200301Ia 4500 | ||
|---|---|---|---|
| 003 | OSt | ||
| 005 | 20241210094635.0 | ||
| 008 | 241210s9999||||xx |||||||||||||| ||und|| | ||
| 020 | _a8187368802 | ||
| 040 | _cSTCPL | ||
| 041 | _aHIN | ||
| 041 | _hHND | ||
| 082 |
_aH08 _bJAG-J V.4 |
||
| 245 | 0 |
_aJagadish chaturvedi rachanavali Vol.4 / _cEdited by Jagadish Chaturvedi and Anubhuti Chaturvedi _hजगदीश चतुर्वेदी रचनावली खंड 4 |
|
| 260 |
_aNew Delhi : _bNaman Prakashan , _c2019 . |
||
| 300 |
_a501 p. _bHB |
||
| 650 | _aHindi literature | ||
| 650 | _aDrama | ||
| 650 | _aEssays | ||
| 650 | _aBiography | ||
| 700 | _aChaturvedi, Jagadish (ed.) | ||
| 700 | _aChaturvedi, Anubhuti (ed.) | ||
| 942 | _cBK | ||
| 942 |
_2ddc _n0 |
||
| 942 |
_2ddc _n0 |
||
| 942 |
_2ddc _n0 |
||
| 942 |
_2ddc _n0 |
||
| 999 |
_c83916 _d83916 |
||